[Event "7. Arber-Senioren-Cup 2019"]
[Site "Bodenmais"]
[Date "2019.08.04"]
[Round "9.5"]
[White "Glaessl, Matthias"]
[Black "Nickl, Klaus"]
[Result "1-0"]
[WhiteElo "2148"]
[BlackElo "1988"]
[Annotator "NA"]
[PlyCount "89"]
[EventDate "2019.07.27"]
[EventType "swiss"]
[EventCountry "GER"]
[SourceTitle "playchess.com"]
[Source "ChessBase"]
[SourceQuality "1"]
[TimeControl "60/7800+30:0"]

1. e4 {[%emt 0:00:00]} e6 {[%emt 0:00:00]} 2. d4 {[%emt 0:00:00]} d5 {[%emt 0:00:00]} 3. Nc3 {[%emt 0:00:00]} dxe4 {[%emt 0:00:09]} 4. Nxe4 {[%emt 0:00:00]} Nd7 {[%emt 0:00:10]} 5. g3 {[%emt 0:00:09]} Ngf6 {[%emt 0:00:26]} 6. Nxf6+ {[%emt 0:00:11]} Nxf6 {[%emt 0:00:10]} 7. Bg2 {[%emt 0:00:02]} e5 {[%emt 0:02:46]} 8. Qe2 {[%emt 0:00:11]} Qxd4 {[%emt 0:00:46]} 9. Nf3 {[%emt 0:00:02]} Qe4 {[%emt 0:01:38]} 10. Qxe4 {[%emt 0:00:29]} Nxe4 {[%emt 0:00:11]} 11. Nxe5 {[%emt 0:00:02]} Nd6 {[%emt 0:02:29]} 12. O-O {[%emt 0:01:40]} Be7 {[%emt 0:06:08]} 13. Re1 {[%emt 0:04:05]} Be6 {[%emt 0:14:02]} 14. Nd3 {[%emt 0:07:48]} Bf6 {[%emt 0:25:39]} 15. Bh3 {[%emt 0:14:46]} O-O-O {[%emt 0:04:55]} 16. Bxe6+ {[%emt 0:00:06]} fxe6 {[%emt 0:00:12]} 17. Rxe6 {[%emt 0:00:10]} Nc4 {[%emt 0:01:03]} 18. Re4 {[%emt 0:01:19]} Na3 {[%emt 0:01:15]} 19. Re2 {[%emt 0:03:41]} Nxc2 {[%emt 0:00:25]} 20. Rxc2 {[%emt 0:00:04]} Rxd3 {[%emt 0:00:11]} 21. Bf4 {[%emt 0:00:04]} c6 {[%emt 0:02:01]} 22. Re1 {[%emt 0:00:09]} Rhd8 {[%emt 0:01:05]} 23. Kg2 {[%emt 0:00:06]} g5 {[%emt 0:10:39]} 24. Re6 {[%emt 0:08:35]} gxf4 {[%emt 0:04:53]} 25. Rxf6 {[%emt 0:00:04]} fxg3 {[%emt 0:00:14]} 26. fxg3 {[%emt 0:00:06]} a5 {[%emt 0:03:46]} 27. Rf7 {[%emt 0:04:15]} Rd2+ {[%emt 0:00:41]} 28. Rf2 {[%emt 0:00:07]} Rxc2 {[%emt 0:03:02]} 29. Rxc2 {[%emt 0:00:01]} Kc7 {[%emt 0:00:14]} 30. Kf3 {[%emt 0:00:07]} b5 {[%emt 0:00:18]} 31. Kf4 {[%emt 0:00:07]} Kb6 {[%emt 0:00:53]} 32. Kg5 {[%emt 0:01:16]} c5 {[%emt 0:03:55]} 33. Kh6 {[%emt 0:00:26]} Rd7 {[%emt 0:00:43]} 34. h4 {[%emt 0:02:53]} c4 {[%emt 0:05:09]} 35. g4 {[%emt 0:01:25]} Kc5 {[%emt 0:09:21]} 36. h5 {[%emt 0:00:14]} Rd4 {[%emt 0:10:35]} 37. Rg2 {[%emt 0:00:15]} b4 {[%emt 0:03:29]} 38. Kxh7 {[%emt 0:00:15]} c3 {[%emt 0:00:24]} 39. bxc3 {[%emt 0:00:29]} bxc3 {[%emt 0:00:08]} 40. g5 {[%emt 0:00:13]} Rd2 {[%emt 0:04:55]} 41. Rg1 {[%emt 0:00:33]} c2 {[%emt 0:04:55]} 42. Rc1 {[%emt 0:00:06]} Kb4 {[%emt 0:02:38]} 43. g6 {[%emt 0:00:22]} Rh2 {[%emt 0:05:22]} 44. h6 {[%emt 0:00:07]} Kc3 {[%emt 0:00:18]} 45. g7 {[%emt 0:00:09]} 1-0

[Event "7. Arber-Senioren-Cup 2019"]
[Site "Bodenmais"]
[Date "2019.08.04"]
[Round "9.6"]
[White "Neubauer, Jaroslaus"]
[Black "Herbold, Manfred"]
[Result "1/2-1/2"]
[WhiteElo "2014"]
[BlackElo "2081"]
[Annotator "NA"]
[PlyCount "56"]
[EventDate "2019.07.27"]
[EventType "swiss"]
[EventCountry "GER"]
[SourceTitle "playchess.com"]
[Source "ChessBase"]
[SourceQuality "1"]
[TimeControl "60/7800+30:0"]

1. e4 {[%emt 0:00:00]} e5 {[%emt 0:06:15]} 2. Nf3 {[%emt 0:00:15]} d5 {[%emt 0:00:12]} 3. d4 {[%emt 0:02:02]} dxe4 {[%emt 0:00:18]} 4. Nxe5 {[%emt 0:00:16]} Bd6 {[%emt 0:00:10]} 5. f4 {[%emt 0:03:41]} Bxe5 {[%emt 0:17:03]} 6. fxe5 {[%emt 0:00:55]} Nc6 {[%emt 0:00:20]} 7. c3 {[%emt 0:02:21]} f6 {[%emt 0:05:00]} 8. Bc4 {[%emt 0:03:46]} Qe7 {[%emt 0:00:39]} 9. O-O {[%emt 0:02:12]} f5 {[%emt 0:08:36]} 10. Qb3 {[%emt 0:06:23]} Nh6 {[%emt 0:00:38]} 11. Bxh6 {[%emt 0:00:37]} gxh6 {[%emt 0:00:02]} 12. Na3 {[%emt 0:01:49]} a6 {[%emt 0:05:21]} 13. Qd1 {[%emt 0:04:02]} Qg7 {[%emt 0:00:47]} 14. b4 {[%emt 0:01:51]} Ne7 {[%emt 0:05:26]} 15. Nc2 {[%emt 0:05:22]} Rf8 {[%emt 0:03:21]} 16. Qe2 {[%emt 0:09:21]} Qg6 {[%emt 0:07:03]} 17. Rae1 {[%emt 0:04:03]} b6 {[%emt 0:03:25]} 18. Rf4 {[%emt 0:23:26]} Qg5 {[%emt 0:01:10]} 19. Ref1 {[%emt 0:11:19]} Ng6 {[%emt 0:01:13]} 20. R4f2 {[%emt 0:11:21]} Bb7 {[%emt 0:10:00]} 21. d5 {[%emt 0:01:34]} Nxe5 {[%emt 0:01:37]} 22. Nd4 {[%emt 0:00:43]} Bc8 {[%emt 0:03:36]} 23. Nc6 Nxc6 24. dxc6 a5 25. Qxe4+ fxe4 26. Rxf8+ Ke7 27. R1f7+ Kd6 28. Rf6+ Ke5 1/2-1/2

[Event "7. Arber-Senioren-Cup 2019"]
[Site "Bodenmais"]
[Date "2019.08.04"]
[Round "9.7"]
[White "Kuempers, Ulrich"]
[Black "Peglau, Markus"]
[Result "0-1"]
[WhiteElo "2030"]
[BlackElo "1849"]
[Annotator "NA"]
[PlyCount "92"]
[EventDate "2019.07.27"]
[EventType "swiss"]
[EventCountry "GER"]
[SourceTitle "playchess.com"]
[Source "ChessBase"]
[SourceQuality "1"]
[TimeControl "60/7800+30:0"]

1. d4 {[%emt 0:00:00]} Nf6 {[%emt 0:00:00]} 2. c4 {[%emt 0:00:00]} g6 {[%emt 0:00:00]} 3. Nc3 {[%emt 0:00:00]} d5 {[%emt 0:00:00]} 4. Bf4 {[%emt 0:00:27]} Bg7 {[%emt 0:00:08]} 5. e3 {[%emt 0:00:17]} c5 {[%emt 0:01:08]} 6. dxc5 {[%emt 0:00:39]} Qa5 {[%emt 0:01:03]} 7. Qa4+ {[%emt 0:01:14]} Qxa4 {[%emt 0:02:40]} 8. Nxa4 {[%emt 0:00:03]} Na6 {[%emt 0:04:01]} 9. cxd5 {[%emt 0:04:15]} Nxd5 {[%emt 0:01:55]} 10. Bxa6 {[%emt 0:03:56]} bxa6 {[%emt 0:00:41]} 11. Ne2 {[%emt 0:32:02]} Bd7 {[%emt 0:07:15]} 12. Nac3 {[%emt 0:05:07]} Nxf4 {[%emt 0:02:45]} 13. exf4 {[%emt 0:07:41]} Rb8 {[%emt 0:06:54]} 14. b3 {[%emt 0:02:56]} O-O {[%emt 0:02:35]} 15. Rc1 {[%emt 0:03:44]} Rfc8 {[%emt 0:19:25]} 16. Nd5 {[%emt 0:01:32]} Kf8 {[%emt 0:06:55]} 17. O-O {[%emt 0:00:35]} Bb2 {[%emt 0:12:26]} 18. Rc2 {[%emt 0:30:28]} Ba3 {[%emt 0:01:15]} 19. b4 {[%emt 0:09:16]} a5 {[%emt 0:06:32]} 20. Nd4 {[%emt 0:00:50]} Ba4 {[%emt 0:06:36]} 21. Rc4 {[%emt 0:07:43]} axb4 {[%emt 0:25:03]} 22. Re1 {[%emt 0:05:45]} Rd8 {[%emt 0:05:45]} 23. Ne3 {[%emt 0:08:28]} Bb2 {[%emt 0:01:28]} 24. Nb3 {[%emt 0:01:38]} Bc3 {[%emt 0:04:45]} 25. Rc1 {[%emt 0:00:56]} Bb5 {[%emt 0:02:00]} 26. R4xc3 {[%emt 0:00:06]} bxc3 {[%emt 0:00:23]} 27. Rxc3 {[%emt 0:00:03]} Rd3 {[%emt 0:03:06]} 28. Rc1 {[%emt 0:00:20]} Ke8 {[%emt 0:02:21]} 29. h3 {[%emt 0:02:19]} Kd7 {[%emt 0:02:09]} 30. c6+ {[%emt 0:01:36]} Kc7 {[%emt 0:02:07]} 31. Nc5 {[%emt 0:01:11]} Rd2 {[%emt 0:06:37]} 32. a4 {[%emt 0:00:13]} Be2 {[%emt 0:00:05]} 33. Ng4 {[%emt 0:02:38]} Rb6 {[%emt 0:02:08]} 34. Ne5 {[%emt 0:00:16]} f6 {[%emt 0:00:39]} 35. a5 {[%emt 0:00:57]} Rb5 {[%emt 0:01:58]} 36. Ne6+ {[%emt 0:01:35]} Kc8 {[%emt 0:00:30]} 37. Nd7 {[%emt 0:00:37]} Rd1+ {[%emt 0:00:27]} 38. Rxd1 {[%emt 0:00:31]} Bxd1 {[%emt 0:00:01]} 39. a6 {[%emt 0:01:33]} Bb3 {[%emt 0:00:46]} 40. Nd4 {[%emt 0:00:14]} Rb4 {[%emt 0:00:25]} 41. Ne2 {[%emt 0:03:36]} Bc4 {[%emt 0:00:24]} 42. Nc3 {[%emt 0:00:30]} Bxa6 {[%emt 0:00:41]} 43. Nd5 {[%emt 0:00:19]} Rb1+ {[%emt 0:00:01]} 44. Kh2 {[%emt 0:00:01]} Re1 45. Nc5 {[%emt 0:00:50]} Bb5 {[%emt 0:01:42]} 46. c7 {[%emt 0:01:39]} Bc6 {[%emt 0:00:42]} 0-1

[Event "7. Arber-Senioren-Cup 2019"]
[Site "Bodenmais"]
[Date "2019.08.04"]
[Round "9.8"]
[White "Puehn, Georg"]
[Black "Korte, Markus"]
[Result "1-0"]
[WhiteElo "1990"]
[BlackElo "2028"]
[Annotator "NA"]
[PlyCount "57"]
[EventDate "2019.07.27"]
[EventType "swiss"]
[EventCountry "GER"]
[SourceTitle "playchess.com"]
[Source "ChessBase"]
[SourceQuality "1"]
[TimeControl "60/7800+30:0"]

1. e4 {[%emt 0:00:00]} e5 {[%emt 0:00:00]} 2. Nf3 {[%emt 0:00:00]} Nf6 {[%emt 0:00:04]} 3. d3 {[%emt 0:07:17]} Nc6 {[%emt 0:00:44]} 4. Be2 {[%emt 0:00:18]} Bc5 {[%emt 0:00:42]} 5. O-O {[%emt 0:00:33]} h6 {[%emt 0:01:09]} 6. Nxe5 {[%emt 0:07:06]} Nxe5 {[%emt 0:06:06]} 7. d4 {[%emt 0:00:10]} Bb6 {[%emt 0:13:45]} 8. dxe5 {[%emt 0:01:19]} Nxe4 {[%emt 0:00:18]} 9. Nd2 {[%emt 0:12:29]} Nxd2 {[%emt 0:07:47]} 10. Bxd2 {[%emt 0:01:42]} O-O {[%emt 0:01:59]} 11. Bc3 {[%emt 0:03:14]} Qe7 {[%emt 0:07:46]} 12. Bc4 {[%emt 0:14:30]} Rd8 {[%emt 0:02:53]} 13. Qf3 {[%emt 0:01:53]} Bc5 {[%emt 0:10:10]} 14. Rfe1 {[%emt 0:08:56]} Rb8 {[%emt 0:08:12]} 15. a4 {[%emt 0:05:05]} b5 {[%emt 0:01:58]} 16. axb5 {[%emt 0:01:39]} Rb6 {[%emt 0:00:10]} 17. Ra4 {[%emt 0:18:58]} Bb7 {[%emt 0:05:31]} 18. Qf5 {[%emt 0:00:34]} c6 {[%emt 0:07:09]} 19. b4 {[%emt 0:05:32]} Bxf2+ {[%emt 0:05:44]} 20. Qxf2 {[%emt 0:00:43]} cxb5 {[%emt 0:00:09]} 21. Rxa7 {[%emt 0:05:46]} Qg5 {[%emt 0:09:03]} 22. Bf1 {[%emt 0:05:50]} Qg6 {[%emt 0:05:01]} 23. Bd4 {[%emt 0:03:38]} Rc6 {[%emt 0:05:58]} 24. Rxb7 {[%emt 0:01:21]} Rxc2 {[%emt 0:00:25]} 25. Qf3 {[%emt 0:00:49]} Qe6 {[%emt 0:03:10]} 26. Bd3 {[%emt 0:02:49]} Rd2 {[%emt 0:01:07]} 27. Qe4 {[%emt 0:00:33]} g6 {[%emt 0:01:34]} 28. Qe3 {[%emt 0:00:45]} Qa2 {[%emt 0:00:13]} 29. Be4 {[%emt 0:02:09]} 1-0

[Event "7. Arber-Senioren-Cup 2019"]
[Site "Bodenmais"]
[Date "2019.08.04"]
[Round "9.9"]
[White "Schwalb, Manfred"]
[Black "Hamlack, Heinz"]
[Result "0-1"]
[WhiteElo "1965"]
[BlackElo "1986"]
[Annotator "NA"]
[PlyCount "76"]
[EventDate "2019.07.27"]
[EventType "swiss"]
[EventCountry "GER"]
[SourceTitle "playchess.com"]
[Source "ChessBase"]
[SourceQuality "1"]
[TimeControl "60/7800+30:0"]

1. e4 {[%emt 0:00:00]} d5 {[%emt 0:01:52]} 2. exd5 {[%emt 0:00:00]} Nf6 {[%emt 0:00:04]} 3. d4 {[%emt 0:02:01]} Qxd5 {[%emt 0:00:38]} 4. Nc3 {[%emt 0:01:42]} Qa5 {[%emt 0:00:57]} 5. Nf3 {[%emt 0:01:23]} Bg4 {[%emt 0:01:22]} 6. h3 {[%emt 0:03:56]} Bh5 {[%emt 0:01:27]} 7. g4 {[%emt 0:05:06]} Bg6 {[%emt 0:00:07]} 8. Bg2 {[%emt 0:02:58]} c6 {[%emt 0:00:31]} 9. O-O {[%emt 0:00:28]} e6 {[%emt 0:00:47]} 10. Ne5 {[%emt 0:01:26]} Nbd7 {[%emt 0:04:17]} 11. Nc4 {[%emt 0:09:16]} Qc7 {[%emt 0:06:04]} 12. Ne2 {[%emt 0:07:06]} Nd5 {[%emt 0:01:25]} 13. Ne3 {[%emt 0:00:47]} N7b6 {[%emt 0:05:05]} 14. Nxd5 {[%emt 0:07:07]} cxd5 {[%emt 0:05:32]} 15. c3 {[%emt 0:00:20]} Bd6 {[%emt 0:00:32]} 16. f4 {[%emt 0:06:05]} O-O-O {[%emt 0:00:19]} 17. b3 {[%emt 0:05:27]} Be4 {[%emt 0:02:42]} 18. Bxe4 {[%emt 0:00:57]} dxe4 {[%emt 0:00:03]} 19. c4 {[%emt 0:01:34]} f5 {[%emt 0:00:43]} 20. Be3 {[%emt 0:00:52]} Ba3 {[%emt 0:04:18]} 21. Nc3 {[%emt 0:02:40]} a6 {[%emt 0:06:08]} 22. Qe2 {[%emt 0:00:21]} g5 {[%emt 0:01:29]} 23. gxf5 {[%emt 0:04:50]} exf5 {[%emt 0:00:17]} 24. Rad1 {[%emt 0:03:14]} Rhg8 {[%emt 0:04:53]} 25. Kh1 {[%emt 0:02:04]} g4 {[%emt 0:00:27]} 26. Rg1 {[%emt 0:02:18]} Rd6 {[%emt 0:12:25]} 27. Rg3 {[%emt 0:04:36]} Rh6 {[%emt 0:01:09]} 28. Qf2 {[%emt 0:04:31]} Be7 {[%emt 0:00:54]} 29. c5 {[%emt 0:15:40]} Bh4 {[%emt 0:02:34]} 30. Rdg1 {[%emt 0:02:58]} Bxg3 {[%emt 0:01:27]} 31. Rxg3 {[%emt 0:00:06]} Qc6 {[%emt 0:00:29]} 32. Qg2 {[%emt 0:07:00]} Nd5 {[%emt 0:01:26]} 33. Qd2 {[%emt 0:03:30]} Nxc3 {[%emt 0:00:33]} 34. Qxc3 {[%emt 0:00:20]} Qb5 {[%emt 0:00:41]} 35. Qc4 {[%emt 0:00:48]} Qxc4 {[%emt 0:00:39]} 36. bxc4 {[%emt 0:00:03]} Rxh3+ {[%emt 0:00:08]} 37. Kg2 {[%emt 0:00:18]} Rxg3+ {[%emt 0:00:42]} 38. Kxg3 {[%emt 0:00:02]} Rg6 {[%emt 0:00:06]} 0-1

[Event "7. Arber-Senioren-Cup 2019"]
[Site "Bodenmais"]
[Date "2019.08.04"]
[Round "9.10"]
[White "Steinbach, Peter"]
[Black "Kurka, Dieter"]
[Result "0-1"]
[WhiteElo "1958"]
[BlackElo "2006"]
[Annotator "NA"]
[PlyCount "103"]
[EventDate "2019.07.27"]
[EventType "swiss"]
[EventCountry "GER"]
[SourceTitle "playchess.com"]
[Source "ChessBase"]
[SourceQuality "1"]
[TimeControl "60/7800+30:0"]

1. e4 {[%emt 0:00:00]} c5 {[%emt 0:00:00]} 2. d4 {[%emt 0:00:00]} cxd4 {[%emt 0:00:00]} 3. c3 {[%emt 0:00:00]} d3 {[%emt 0:00:00]} 4. Bxd3 {[%emt 0:00:02]} e6 {[%emt 0:00:00]} 5. c4 {[%emt 0:00:12]} a6 {[%emt 0:00:01]} 6. Nc3 {[%emt 0:01:44]} Qc7 {[%emt 0:00:09]} 7. Qe2 {[%emt 0:01:50]} d6 {[%emt 0:00:18]} 8. f4 {[%emt 0:01:27]} Nd7 {[%emt 0:01:20]} 9. Nf3 {[%emt 0:00:50]} Ngf6 {[%emt 0:02:13]} 10. O-O {[%emt 0:02:10]} Be7 {[%emt 0:11:08]} 11. Kh1 {[%emt 0:02:44]} O-O {[%emt 0:00:48]} 12. Be3 {[%emt 0:00:13]} b6 {[%emt 0:00:38]} 13. Rac1 {[%emt 0:00:10]} Bb7 {[%emt 0:00:41]} 14. Bg1 {[%emt 0:03:00]} Rfe8 {[%emt 0:07:21]} 15. h3 {[%emt 0:14:26]} Rad8 {[%emt 0:11:05]} 16. g4 {[%emt 0:08:51]} Qb8 {[%emt 0:11:20]} 17. g5 {[%emt 0:02:12]} Nh5 {[%emt 0:00:05]} 18. Bh2 g6 {[%emt 0:02:12]} 19. a3 {[%emt 0:05:45]} Qa8 {[%emt 0:00:08]} 20. b4 {[%emt 0:03:20]} Ng7 21. Rce1 {[%emt 0:05:49]} d5 {[%emt 0:14:46]} 22. cxd5 {[%emt 0:02:34]} exd5 {[%emt 0:00:07]} 23. e5 {[%emt 0:00:05]} Nf8 {[%emt 0:00:14]} 24. Nd4 {[%emt 0:01:36]} Nfe6 {[%emt 0:01:51]} 25. Bg1 {[%emt 0:00:49]} Qc8 {[%emt 0:04:12]} 26. Na4 {[%emt 0:18:08]} Nxd4 {[%emt 0:04:50]} 27. Bxd4 {[%emt 0:00:03]} Qxh3+ {[%emt 0:01:56]} 28. Kg1 {[%emt 0:00:06]} Qg3+ {[%emt 0:00:25]} 29. Kh1 {[%emt 0:00:10]} b5 {[%emt 0:02:04]} 30. Nb2 {[%emt 0:00:21]} Ne6 {[%emt 0:01:26]} 31. Qf2 {[%emt 0:04:05]} Qxf2 {[%emt 0:01:21]} 32. Bxf2 {[%emt 0:00:02]} Nxf4 {[%emt 0:00:27]} 33. Bb6 {[%emt 0:00:05]} Nxd3 {[%emt 0:01:05]} 34. Nxd3 {[%emt 0:00:04]} Rc8 {[%emt 0:01:27]} 35. Nc5 {[%emt 0:00:33]} Bxc5 {[%emt 0:03:49]} 36. Bxc5 {[%emt 0:00:42]} Rc6 {[%emt 0:02:49]} 37. Kg1 {[%emt 0:00:36]} Bc8 {[%emt 0:00:45]} 38. Kf2 {[%emt 0:01:20]} h6 {[%emt 0:10:00]} 39. gxh6 {[%emt 0:01:20]} g5 {[%emt 0:01:19]} 40. Bd6 {[%emt 0:04:19]} Kh7 {[%emt 0:01:22]} 41. Rh1 {[%emt 0:03:11]} Kg6 {[%emt 0:00:23]} 42. h7 {[%emt 0:06:13]} Rh8 {[%emt 0:00:37]} 43. Be7 {[%emt 0:01:26]} g4 {[%emt 0:00:42]} 44. Kg3 {[%emt 0:00:45]} Rxh7 {[%emt 0:00:31]} 45. Rxh7 {[%emt 0:02:32]} Kxh7 {[%emt 0:00:02]} 46. Rd1 {[%emt 0:00:21]} Be6 {[%emt 0:00:25]} 47. Kf4 {[%emt 0:03:40]} Kg6 {[%emt 0:03:44]} 48. Rd3 {[%emt 0:02:43]} Rc4+ {[%emt 0:00:55]} 49. Kg3 {[%emt 0:01:21]} Kf5 {[%emt 0:00:34]} 50. Bf6 {[%emt 0:00:22]} Ke4 {[%emt 0:00:21]} 51. Rb3 {[%emt 0:01:05]} d4 {[%emt 0:00:30]} 52. Kf2 0-1

[Event "7. Arber-Senioren-Cup 2019"]
[Site "Bodenmais"]
[Date "2019.08.04"]
[Round "9.11"]
[White "Oberhofer, Max"]
[Black "Mahnke, Ralf"]
[Result "1/2-1/2"]
[WhiteElo "2187"]
[BlackElo "1925"]
[Annotator "NA"]
[PlyCount "44"]
[EventDate "2019.07.27"]
[EventType "swiss"]
[EventCountry "GER"]
[SourceTitle "playchess.com"]
[Source "ChessBase"]
[SourceQuality "1"]
[TimeControl "60/7800+30:0"]

1. d4 {[%emt 0:00:00]} d5 {[%emt 0:00:00]} 2. Nf3 {[%emt 0:00:00]} Nf6 {[%emt 0:00:00]} 3. c4 {[%emt 0:00:03]} e6 {[%emt 0:00:00]} 4. g3 {[%emt 0:00:18]} c6 {[%emt 0:00:24]} 5. Bg2 {[%emt 0:00:17]} Bd6 {[%emt 0:02:01]} 6. Qc2 {[%emt 0:01:13]} O-O {[%emt 0:00:43]} 7. Nbd2 {[%emt 0:00:24]} Nbd7 {[%emt 0:00:28]} 8. O-O {[%emt 0:00:20]} b6 {[%emt 0:02:42]} 9. b3 {[%emt 0:00:15]} Bb7 {[%emt 0:00:23]} 10. Bb2 {[%emt 0:00:35]} Rc8 {[%emt 0:00:33]} 11. e4 {[%emt 0:10:49]} dxe4 {[%emt 0:02:03]} 12. Ng5 {[%emt 0:01:17]} c5 {[%emt 0:01:39]} 13. Ngxe4 {[%emt 0:03:52]} Nxe4 {[%emt 0:01:44]} 14. Nxe4 {[%emt 0:00:08]} Bxe4 {[%emt 0:02:41]} 15. Bxe4 {[%emt 0:00:22]} Nf6 {[%emt 0:00:12]} 16. Bd3 {[%emt 0:06:24]} cxd4 {[%emt 0:02:09]} 17. Bxd4 {[%emt 0:01:05]} h6 {[%emt 0:00:56]} 18. Rad1 {[%emt 0:02:36]} Qe7 {[%emt 0:00:59]} 19. Rfe1 {[%emt 0:07:13]} Rfd8 {[%emt 0:01:25]} 20. Qb2 {[%emt 0:01:28]} Bc5 {[%emt 0:02:13]} 21. Bxf6 {[%emt 0:07:03]} Qxf6 {[%emt 0:00:18]} 22. Qxf6 {[%emt 0:00:56]} gxf6 {[%emt 0:00:23]} 1/2-1/2

[Event "7. Arber-Senioren-Cup 2019"]
[Site "Bodenmais"]
[Date "2019.08.04"]
[Round "9.12"]
[White "Augustin, Christian"]
[Black "Zwetz, Anita"]
[Result "1-0"]
[WhiteElo "1971"]
[BlackElo "1828"]
[Annotator "NA"]
[PlyCount "49"]
[EventDate "2019.07.27"]
[EventType "swiss"]
[EventCountry "GER"]
[SourceTitle "playchess.com"]
[Source "ChessBase"]
[SourceQuality "1"]
[TimeControl "60/7800+30:0"]

1. d4 {[%emt 0:00:00]} d5 {[%emt 0:00:00]} 2. e3 {[%emt 0:00:00]} Nf6 {[%emt 0:00:00]} 3. Nf3 {[%emt 0:00:38]} e6 {[%emt 0:00:00]} 4. Bd3 {[%emt 0:00:11]} Nbd7 {[%emt 0:01:34]} 5. Nbd2 {[%emt 0:00:16]} c5 {[%emt 0:00:55]} 6. c3 {[%emt 0:00:07]} c4 {[%emt 0:00:18]} 7. Bc2 {[%emt 0:00:12]} Bd6 {[%emt 0:00:06]} 8. O-O {[%emt 0:02:05]} Qc7 {[%emt 0:01:42]} 9. Qe2 {[%emt 0:00:56]} O-O {[%emt 0:01:16]} 10. e4 {[%emt 0:08:36]} dxe4 {[%emt 0:00:24]} 11. Nxe4 {[%emt 0:00:40]} Nxe4 {[%emt 0:00:10]} 12. Qxe4 {[%emt 0:00:13]} Nf6 {[%emt 0:00:08]} 13. Qh4 {[%emt 0:00:13]} Be7 {[%emt 0:05:21]} 14. Re1 {[%emt 0:07:25]} g6 {[%emt 0:05:47]} 15. Bg5 {[%emt 0:32:01]} Nd5 {[%emt 0:03:16]} 16. Qh6 {[%emt 0:07:40]} Re8 {[%emt 0:07:21]} 17. Be4 {[%emt 0:07:22]} f5 {[%emt 0:03:09]} 18. Bxd5 {[%emt 0:02:11]} exd5 {[%emt 0:00:02]} 19. Bf6 {[%emt 0:00:22]} Bf8 {[%emt 0:02:22]} 20. Rxe8 {[%emt 0:00:21]} Qf7 {[%emt 0:00:04]} 21. Rxf8+ {[%emt 0:01:06]} Qxf8 {[%emt 0:00:01]} 22. Qxf8+ {[%emt 0:01:01]} Kxf8 {[%emt 0:00:00]} 23. Re1 {[%emt 0:00:24]} Kf7 {[%emt 0:00:32]} 24. Bg5 {[%emt 0:00:18]} Be6 {[%emt 0:00:24]} 25. Ne5+ {[%emt 0:01:09]} 1-0

[Event "7. Arber-Senioren-Cup 2019"]
[Site "Bodenmais"]
[Date "2019.08.04"]
[Round "9.13"]
[White "Braeu, Ludwig"]
[Black "Benischek, Wolfgang"]
[Result "0-1"]
[WhiteElo "1818"]
[BlackElo "2022"]
[Annotator "NA"]
[PlyCount "40"]
[EventDate "2019.07.27"]
[EventType "swiss"]
[EventCountry "GER"]
[SourceTitle "playchess.com"]
[Source "ChessBase"]
[SourceQuality "1"]
[TimeControl "60/7800+30:0"]

1. c4 {[%emt 0:00:00]} e5 {[%emt 0:00:09]} 2. g3 {[%emt 0:00:00]} Nc6 {[%emt 0:00:31]} 3. Bg2 {[%emt 0:00:38]} Bc5 {[%emt 0:01:06]} 4. e3 {[%emt 0:01:15]} d6 {[%emt 0:02:02]} 5. Ne2 {[%emt 0:00:47]} Bg4 {[%emt 0:01:51]} 6. Nbc3 {[%emt 0:04:03]} a6 {[%emt 0:01:04]} 7. O-O {[%emt 0:03:15]} Qc8 {[%emt 0:02:50]} 8. Re1 {[%emt 0:04:21]} Nf6 {[%emt 0:00:39]} 9. f3 {[%emt 0:03:58]} Bh3 {[%emt 0:03:17]} 10. d4 {[%emt 0:01:20]} Bxg2 {[%emt 0:01:41]} 11. Kxg2 {[%emt 0:00:35]} Ba7 {[%emt 0:00:33]} 12. a3 {[%emt 0:05:10]} O-O {[%emt 0:00:58]} 13. b4 {[%emt 0:01:07]} Qf5 {[%emt 0:04:22]} 14. Nd5 {[%emt 0:06:19]} Nxd5 {[%emt 0:01:57]} 15. cxd5 {[%emt 0:00:15]} Ne7 {[%emt 0:00:18]} 16. e4 {[%emt 0:02:57]} Qg6 {[%emt 0:02:33]} 17. dxe5 {[%emt 0:01:04]} dxe5 {[%emt 0:00:16]} 18. Bb2 {[%emt 0:00:15]} f5 {[%emt 0:02:41]} 19. Ng1 {[%emt 0:02:58]} fxe4 {[%emt 0:02:49]} 20. Rxe4 Nf5 0-1

[Event "7. Arber-Senioren-Cup 2019"]
[Site "Bodenmais"]
[Date "2019.08.04"]
[Round "9.14"]
[White "Limberg, Siegfried"]
[Black "Hilbig, Dieter"]
[Result "1/2-1/2"]
[WhiteElo "1983"]
[BlackElo "1943"]
[Annotator "NA"]
[PlyCount "94"]
[EventDate "2019.07.27"]
[EventType "swiss"]
[EventCountry "GER"]
[SourceTitle "playchess.com"]
[Source "ChessBase"]
[SourceQuality "1"]
[TimeControl "60/7800+30:0"]

1. d4 d5 {[%emt 0:00:00]} 2. Nf3 {[%emt 0:00:00]} Nf6 {[%emt 0:00:00]} 3. e3 {[%emt 0:00:05]} Bf5 {[%emt 0:01:03]} 4. Bd3 {[%emt 0:00:27]} Bxd3 {[%emt 0:01:23]} 5. Qxd3 {[%emt 0:00:21]} c6 {[%emt 0:01:11]} 6. O-O {[%emt 0:00:29]} g6 {[%emt 0:00:25]} 7. b3 {[%emt 0:00:49]} Bg7 {[%emt 0:00:23]} 8. Bb2 {[%emt 0:00:36]} Nbd7 {[%emt 0:00:53]} 9. c4 {[%emt 0:01:03]} O-O {[%emt 0:00:32]} 10. Nbd2 {[%emt 0:02:03]} Re8 {[%emt 0:04:13]} 11. h3 {[%emt 0:01:35]} c5 {[%emt 0:03:15]} 12. cxd5 {[%emt 0:09:54]} Nxd5 {[%emt 0:01:02]} 13. a3 {[%emt 0:06:20]} cxd4 {[%emt 0:03:18]} 14. exd4 {[%emt 0:02:31]} Rc8 {[%emt 0:02:45]} 15. Rac1 {[%emt 0:01:41]} N7f6 {[%emt 0:03:30]} 16. Rxc8 {[%emt 0:01:57]} Qxc8 {[%emt 0:00:08]} 17. Rc1 {[%emt 0:00:51]} Qe6 {[%emt 0:03:15]} 18. Re1 {[%emt 0:02:04]} Qd6 {[%emt 0:07:58]} 19. Nc4 {[%emt 0:06:08]} Qb8 {[%emt 0:01:55]} 20. Nce5 {[%emt 0:03:58]} Nf4 {[%emt 0:04:47]} 21. Qc4 {[%emt 0:02:11]} N6d5 {[%emt 0:02:48]} 22. Qf1 {[%emt 0:05:02]} Rc8 {[%emt 0:02:14]} 23. g3 {[%emt 0:00:56]} Rc2 {[%emt 0:02:31]} 24. Ba1 {[%emt 0:01:08]} Nh5 25. Qd3 {[%emt 0:00:50]} Qc8 {[%emt 0:04:44]} 26. Nc4 {[%emt 0:11:22]} Qf5 {[%emt 0:26:14]} 27. Qxf5 {[%emt 0:09:20]} gxf5 {[%emt 0:00:07]} 28. Kg2 {[%emt 0:01:32]} Ra2 {[%emt 0:01:13]} 29. a4 {[%emt 0:01:16]} Nhf6 {[%emt 0:01:10]} 30. Bb2 {[%emt 0:08:01]} Ne4 {[%emt 0:06:00]} 31. Ra1 {[%emt 0:00:29]} Rxa1 {[%emt 0:00:19]} 32. Bxa1 {[%emt 0:00:10]} Nb4 {[%emt 0:00:08]} 33. Ne1 {[%emt 0:02:57]} Bh6 {[%emt 0:04:05]} 34. f4 {[%emt 0:10:00]} Bg7 {[%emt 0:01:18]} 35. Kf3 {[%emt 0:02:22]} Kf8 {[%emt 0:01:05]} 36. g4 {[%emt 0:00:20]} Nc5 {[%emt 0:02:18]} 37. Nd2 {[%emt 0:05:02]} Ne6 {[%emt 0:03:16]} 38. gxf5 {[%emt 0:02:51]} Nxd4+ {[%emt 0:02:31]} 39. Ke4 {[%emt 0:02:39]} Ne2 {[%emt 0:06:01]} 40. Bxg7+ {[%emt 0:00:40]} Kxg7 {[%emt 0:00:06]} 41. Kf3 {[%emt 0:02:53]} Nd4+ {[%emt 0:00:41]} 42. Ke4 {[%emt 0:00:27]} Nbc6 {[%emt 0:00:38]} 43. Nd3 {[%emt 0:02:45]} Ne2 {[%emt 0:12:33]} 44. Nf1 {[%emt 0:08:16]} Kf6 {[%emt 0:02:33]} 45. Nc5 {[%emt 0:00:45]} Nc3+ {[%emt 0:03:39]} 46. Kd3 {[%emt 0:01:55]} Nd5 {[%emt 0:00:13]} 47. Ke4 {[%emt 0:01:06]} Nc3+ 1/2-1/2